000 00302nam a22001337a 4500
008 170825b xxu||||| |||| 00| 0 eng d
020 _a9780312454692
041 _aeng
080 _26 ED
_a070
100 _a39
101 _aMED
245 _aA WRITERS REFERNCE
_cHACKER.D
942 _2udc
_cBK
999 _c25019
_d25019